Les cinq académies de l'Institut de France - Statistiques

Statistiques générales
  • Ce quiz a été pris 89 fois
  • Le résultat moyen est 2 sur 5
Statistiques - réponses
Institut de France % Correct
Académie des sciences
84%
Académie française
73%
Académie des beaux-arts
38%
Académie des inscriptions et belles-lettres
14%
Académie des sciences morales et politiques
13%
Aucun quiz correspondant
Distribution des résultats
% des personnes avec chaque résultat
Percentile par nombre de réponses
Votre historique - résultats
Vous n’avez pas pris ce quiz